1534 1271 1512 1070 1217 1363 1039 1396 1492 1153 1019 1859 1866 1510 1707 1827 1882 1012 1241 1493 1820 1745 1135 1508 1387 1008 1316 1318 1482 1693 1634 1429 1619 1910 1524 1317 1259 1202 1203 1022 1371 1998 1898 1869 1144 1568 1081 1294 1439 1560 1607 1305 1941 1261 1217 1734 1315 1274 1046 1592 1705 1970 1158 1487 1468 1560 1926 1942 1373 1009 1488 1178 1474 1015 1596 1711 1768 1087 1945 1524 1622 1487 1949 1413 1633 1912 1164 1923 1542 1159 1546 1439 1550 1240 1100 1907 1848 1270 1823 BCNSPRNW ULIB Ver.6.0+V

เปลี่ยนเป็นภาษาไทย

Change to English
 แสดงรายละเอียดบรรณานุกรม
  กลับหน้าหลัก

Brief Record : Get Marc (ISO 2709) : E-mail record : QR code < ปิดหน้าต่าง
LEADER : 00000nam 2200000uu 4500
001    13399109603
003     ULIB
008    110405s2547||||th 000 0 tha d
020    9749507029
060 04 WB537^bพ634น ล.1 2547
100 0  พิศิษฐ เบญจมงคลวารี
245 10 นวดเพื่อผ่อนคลายทั่วร่างกาย /^cโดย พิศิษฐ เบญจมงคลวารี ;บรรณาธิการ, ภัทรวัต เบญจมงคลวารี
250    พิมพ์ครั้งที่ 3
260    กรุงเทพฯ :^bหมอชาวบ้าน,^c2547
300    97 หน้า :^bภาพประกอบ ;^c21 ซม.
440    นวดไทยเพื่อสุขภาพ ;^vล.1
650  7 การนวด
700 0  ภัทรวัต เบญจมงคลวารี,^eบรรณาธิการ
945    ^p95^l0^i017781
945    ^p95^l0^i017780
995    ทศพร
999 ^a ใช้งานได้ทุกระบบ
รายการนี้ยังไม่มีแท็ก
คุณยังไม่ได้ล็อกอิน คุณสามารถมีกิจกรรมร่วมกับเว็บไซต์ได้ แต่ต้องล็อกอินก่อน ::
  ล็อกอิน

รายการสื่อสารสนเทศ

ลำดับที่ ประเภท เลขเรียก/บาร์โค้ด สถานที่ สถานะ
- ไม่พบข้อมูล -

รายการใกล้เคียง
    ผู้แต่ง [พิศิษฐ เบญจมงคลวารี]

    หัวเรื่อง [การนวด]

BibComment


ยังไม่เคยถูกคอมเมนท์

คอมเมนท์ทรัพยากรรายการนี้
  คอมเมนท์: นวดเพื่อผ่อนคลายท..


 Copyright 2026. Bcnsprnw @Library